000 00689nam a2200241Ia 4500
003 OSt
005 20221002050502.0
006 a|||||r|||| 00| 0
007 ta
008 220930b |||||||| |||| 00| 0 ara d
020 _c1800
024 _a8154
037 _b551, 21/08/2013, Nadwi Publications
_cReference Collections
040 _aCRL
_cCRL
_bara
041 _2ara
_aara
082 _aP111:4k, 28Q2(RR)
100 _aMunir Baalbaki
_9571336
245 0 _aAl mawrid al waset
260 _c2012
650 _aLINGUISTICS
942 _hP111:4k, 28Q2(RR)
_cref
_2CC
999 _c914693
_d914693